Note sur le Gault de la Montagne de Lure (Basses Alpes) et le Schloenbachia inflatiformis, Szajnocha / (Record no. 156596)
[ view plain ]
| 000 -LEADER | |
|---|---|
| campo de control de longitud fija | 00782nam a22001815i 4500 |
| 001 - NÚMERO DE CONTROL | |
| campo de control | 156596 |
| 003 - IDENTIFICADOR DE NÚMERO DE CONTROL | |
| campo de control | ES-MaACL |
| 005 - FECHA Y HORA DE LA ÚLTIMA TRANSACCIÓN | |
| campo de control | 20230906210442.0 |
| 008 - DATOS DE LONGITUD FIJA--INFORMACIÓN GENERAL | |
| campo de control de longitud fija | 040802s1887 fr |||| | fre d |
| 040 ## - FUENTE DE CATALOGACIÓN | |
| Centro catalogador/agencia de origen | CAM |
| Lengua de catalogación | spa |
| Centro/agencia transcriptor | CAM |
| 100 1# - ENTRADA PRINCIPAL--NOMBRE DE PERSONA | |
| Nombre de persona | Kilian, W. |
| 9 (RLIN) | 68029 |
| 245 10 - MENCIÓN DEL TÍTULO | |
| Título | Note sur le Gault de la Montagne de Lure (Basses Alpes) et le Schloenbachia inflatiformis, Szajnocha / |
| Mención de responsabilidad, etc. | par W. Kilian. |
| 260 ## - PUBLICACIÓN, DISTRIBUCIÓN, ETC. | |
| Lugar de publicación, distribución, etc. | Lagny : |
| Nombre del editor, distribuidor, etc. | [s.n.], |
| Fecha de publicación, distribución, etc. | [s.a.] ( |
| Fabricante | Emile Colin) |
| 300 ## - DESCRIPCIÓN FÍSICA | |
| Extensión | P. 464-465 ; |
| Dimensiones | 25 cm. |
| 595 ## - | |
| -- | Extrait du Bulletin de la Société Géologique de France, 3e série, t. XV, p. 464-465, séance du 4 avril 1887. |
| 651 #4 - PUNTO DE ACCESO ADICIONAL DE MATERIA--NOMBRE GEOGRÁFICO | |
| Nombre geográfico | Alpes- |
| Subdivisión general | Geología. |
| 9 (RLIN) | 137029 |
| 852 ## - LOCALIZACIÓN | |
| Ubicación | ES-MaACL |
| Número de control de estantería | T-962-F-3 |
| Nota libre | -- Enc. hol. |
| -- | -- Legado Federico de Botella y de Hornos |
| -- | -- Enc. en un vol. facticio |
| Estatus retirado | Estado de pérdida | Estado de daño | No para préstamo | Colección | Biblioteca de origen | Biblioteca actual | Ubicación en estantería | Fecha de adquisición | Total de préstamos | Signatura topográfica completa | Código de barras | Visto por última vez | Precio de reemplazo | Tipo de ítem Koha |
|---|---|---|---|---|---|---|---|---|---|---|---|---|---|---|
| Colección de folletos | Biblioteca del Ateneo de Madrid | Biblioteca del Ateneo de Madrid | Depósito folletos | 17/01/2008 | T-962-F-3 | 1163838 | 23/02/2023 | 23/02/2023 | Folleto |
